| 000 | 01607ny a22003613n 4500 | ||
|---|---|---|---|
| 005 | 20240305165325.0 | ||
| 008 | 100624s2010 sp 100 0 spa d | ||
| 017 | _aD.L M 22109-2010 | ||
| 020 | _a9788498499162 | ||
| 035 | _a5030 | ||
| 040 |
_aUNAV _dvLex |
||
| 080 | _a343.22-053.2(460) | ||
| 090 |
_c1077 _d1077 |
||
| 111 | 2 |
_aCongreso Nacional sobre Justicia Penal Juvenil( _n1. _d2009. _cJaén) |
|
| 245 | 1 | 3 |
_aEl derecho penal de menores a debate _h[Recurso electrónico] _bI Congreso Nacional sobre Justicia Penal Juvenil / _cdirectores Ignacio F. Benítez Ortúzar, María José Cruz Blanca ; _cautores Morillas Cueva, L...[et al.] |
| 256 | _aServicio en línea | ||
| 260 |
_aMadrid : _bDykinson, _c2010 |
||
| 300 |
_a442 p. ; _c22 cm |
||
| 490 | 1 | _aEnsayos penales | |
| 506 | 1 |
_aContenido solo disponible en los productos indicados _dvLex Global _dvLex Global (Academic Edition, excluding Law Schools) _dvLex Global (U.S. Academic Edition, Law Schools) _dvLex Global (U.S. Academic Edition, excluding Law Schools) _dvLex Global (Academic Edition, Law Schools) |
|
| 650 | 0 | 7 |
_aDerecho penal _2Tesauro vLex |
| 650 | 0 | 7 |
_aMenores de edad _2Tesauro vLex |
| 650 | 0 | 7 |
_aProcesamiento de menores _2Tesauro vLex |
| 650 | 0 | 7 |
_aPenal _2Tesauro vLex |
| 650 | 0 | 7 |
_aMenores _2Tesauro vLex |
| 700 | 1 |
_aBenítez Ortúzar, Ignacio Francisco, _edir. |
|
| 700 | 1 |
_aCruz Blanca, María José, _edir. |
|
| 700 | 1 |
_aMorillas Cueva, Lorenzo, _ecoaut. |
|
| 740 | 0 | _avLex Libros (Servicios en línea) | |
| 830 | 0 | _aEnsayos penales (Dykinson) | |
| 856 | 4 | 0 | _uhttps://app.vlex.com/#/sources/5030 |
| 942 | _cRAA | ||
| 999 |
_c159578 _d159578 |
||